C odyssey unix : the open boundless C (Record no. 168371)

000 -LEADER
fixed length control field 00344nam a2200121Ia 4500
008 - FIXED-LENGTH DATA ELEMENTS--GENERAL INFORMATION
fixed length control field 220217s9999||||xx |||||||||||||| ||und||
082 ## - DEWEY DECIMAL CLASSIFICATION NUMBER
Classification number 005.43 MUK
100 ## - MAIN ENTRY--PERSONAL NAME
Personal name Mukhi, Vijay Gandhi, Meeta
245 #0 - TITLE STATEMENT
Title C odyssey unix : the open boundless C
260 ## - PUBLICATION, DISTRIBUTION, ETC.
Place of publication, distribution, etc. BPB publications
Name of publisher, distributor, etc. New Delhi
Date of publication, distribution, etc. 1992
300 ## - PHYSICAL DESCRIPTION
Other physical details 250
650 ## - SUBJECT ADDED ENTRY--TOPICAL TERM
Topical term or geographic name entry element Operating systems
Holdings
Withdrawn status Lost status Damaged status Not for loan Collection code Home library Current library Shelving location Date acquired Full call number Barcode Date last seen Price effective from Koha item type
        Computer Science and Engineering Central Library Central Library Book Cart 02/18/2022 005.43 MUK 3560 02/18/2022 02/18/2022 Books

Powered by Koha